Superconductivity : (Record no. 6610)

MARC details
000 -LEADER
fixed length control field 01121pam a2200277 a 4500
001 - CONTROL NUMBER
control field 1087927
003 - CONTROL NUMBER IDENTIFIER
control field OSt
005 - DATE AND TIME OF LATEST TRANSACTION
control field 20200207112927.0
008 - FIXED-LENGTH DATA ELEMENTS--GENERAL INFORMATION
fixed length control field 920630s1993 enka b 001 0 eng
010 ## - LIBRARY OF CONGRESS CONTROL NUMBER
LC control number 92023185
020 ## - INTERNATIONAL STANDARD BOOK NUMBER
International Standard Book Number 0521373786 (hardback)
020 ## - INTERNATIONAL STANDARD BOOK NUMBER
International Standard Book Number 0521377579 (pbk.)
040 ## - CATALOGING SOURCE
Original cataloging agency DLC
Transcribing agency DLC
Modifying agency DLC
082 00 - DEWEY DECIMAL CLASSIFICATION NUMBER
Classification number 537.623
Edition number 20
Item number VID 1993
100 1# - MAIN ENTRY--PERSONAL NAME
Personal name Vidali, Gianfranco.
9 (RLIN) 13597
245 10 - TITLE STATEMENT
Title Superconductivity :
Remainder of title the next revolution? /
Statement of responsibility, etc. Gianfranco Vidali.
260 ## - PUBLICATION, DISTRIBUTION, ETC. (IMPRINT)
Place of publication, distribution, etc. Cambridge [England] ;
-- New York, NY, USA :
Name of publisher, distributor, etc. Cambridge University Press,
Date of publication, distribution, etc. 1993.
300 ## - PHYSICAL DESCRIPTION
Extent xii, 165 p. :
Other physical details ill. ;
Dimensions 24 cm.
504 ## - BIBLIOGRAPHY, ETC. NOTE
Bibliography, etc Includes bibliographical references (p. 160-161) and index.
650 #0 - SUBJECT ADDED ENTRY--TOPICAL TERM
Topical term or geographic name as entry element Superconductivity.
9 (RLIN) 13598
856 42 - ELECTRONIC LOCATION AND ACCESS
Materials specified Publisher description
Uniform Resource Identifier http://www.loc.gov/catdir/description/cam025/92023185.html
856 41 - ELECTRONIC LOCATION AND ACCESS
Materials specified Table of contents
Uniform Resource Identifier http://www.loc.gov/catdir/toc/cam021/92023185.html
906 ## - LOCAL DATA ELEMENT F, LDF (RLIN)
a 7
b cbc
c orignew
d 1
e ocip
f 19
g y-gencatlg
942 ## - ADDED ENTRY ELEMENTS (KOHA)
Source of classification or shelving scheme Dewey Decimal Classification
Koha item type Open Shelf
Holdings
Withdrawn status Lost status Source of classification or shelving scheme Damaged status Not for loan Home library Current library Date acquired Source of acquisition Inventory number Total Checkouts Full call number Barcode Date last seen Price effective from Koha item type
    Dewey Decimal Classification     MUST Main Library MUST Main Library 07/02/2020 Donation 2005/24477   537.623 VID 1993 2020-0427 07/02/2020 07/02/2020 Open Shelf
    Dewey Decimal Classification     MUST Main Library MUST Main Library 23/11/2021 Purchase 05/24475   537.623 VID 1993 2021-1819 23/11/2021 23/11/2021 Open Shelf
    Dewey Decimal Classification     MUST Main Library MUST Main Library 18/06/2024 Purchase 2005/24476   537.623 VID 1993 2024-20767 18/06/2024 18/06/2024 Open Shelf